000 00662nam a2200229Ia 4500
003 OSt
005 20220923225522.0
006 a|||||r|||| 00| 0
007 ta
008 Pun
024 _a270,286
037 _cTextual
040 _aARTS
_cARTS
_bPun
041 _2Pun
_aPun
082 _aO153,2N65x, M9
100 _aਸਿੰਘ, ਪਾਲੀ ਭੂਪਿੰਦਰ
245 0 _aਇਸ ਚੌ੍ਵਕ ਤੋ੍ਵ Fਹਿਰ ਦਿਸਦਾ ਹੈ
260 _c1989
650 _aਪੰਜਾਬੀ ਸਾਹਿਤ
942 _hO153,2N65x, M9
_cTEXL
_2CC
999 _c378790
_d378790